Plan de mejora del proceso productivo de la línea de elaboración de cosméticos a base de productos naturales en la Empresa Earth’s Secret
El presente trabajo tiene como objetivo proponer un plan de mejora en el proceso productivo de jabones a base de productos naturales y para ello requiere realizar cierta cantidad de mejoras continuas en el proceso productivo y la realización de actividades que llevaran a la mejora del producto.
| Main Authors: | , |
|---|---|
| Other Authors: | |
| Format: | Tesis Section = Libro |
| Language: | Undetermined Spanish |
| Published: |
Managua
UNI
2020
|
| Subjects: |
| LEADER | 01302nam a2200301Ia 4500 | ||
|---|---|---|---|
| 008 | 240830s9999 xx 000 0 und d | ||
| 040 | |a BIBLIOTECA-RUPAP Mon 658.5421 P153 | ||
| 041 | |a spa | ||
| 082 | |a Mon 658.5421 P153 | ||
| 100 | 1 | |a Palacios Gutiérrez, Magali del Socorro | |
| 100 | 1 | |b Sándigo Obando, Elenita del Socorro | |
| 245 | 1 | 0 | |a Plan de mejora del proceso productivo de la línea de elaboración de cosméticos a base de productos naturales en la Empresa Earth’s Secret |
| 260 | |a Managua |b UNI |c 2020 | ||
| 300 | |a 134 p :il.. | ||
| 500 | |a Contiene: anexos y CD. | ||
| 502 | |a Tesis (Ingeniero Industrial) - UNI, 2020. | ||
| 520 | 3 | |a El presente trabajo tiene como objetivo proponer un plan de mejora en el proceso productivo de jabones a base de productos naturales y para ello requiere realizar cierta cantidad de mejoras continuas en el proceso productivo y la realización de actividades que llevaran a la mejora del producto. | |
| 650 | 7 | |a ESTUDIOS DE TIEMPOS | |
| 650 | 7 | |b ESTUDIOS DE METODOS | |
| 650 | 7 | |c MEDICION DEL TRABAJO | |
| 650 | 7 | |d PLAN DE MEJORA | |
| 650 | 7 | |e PRODUCTIVIDAD | |
| 650 | 7 | |f PROCESOS PRODUCTIVOS | |
| 650 | 7 | |g JABONES-PRODUCCION. | |
| 700 | 1 | |a Tutor: |b Boza Castro, Freddy Fernando | |
| 942 | |c BK |2 ddc | ||
| 991 | |a TESIS | ||
| 999 | |c 18920 | ||